00915 2200301 4500001002100000005001500021035002000036007000300056040001700059100003500076245013400111250001300245300003800258020002200296041000800318082001000326084001600336090002200352264003300374336002100407337003000428338002300458650001900481700003700500850001000537008004100547990002500588INLIS00000000000675320260411122704 a0010-0622000088ta aSBPUPADbind0 ayusup priyasudiarjaePengarang1 aTujuh Puluh Cara Jitu Membuat Kalimat PercakapanBahasa Inggris Dengan Grammar Tepat /cYusup Priyasudiarja ;Editor,Arie Prabawati a.-cet.10 aviii, 268 hal. :billus. ;c23 cm a978-979-29-4210-10 aind a372.6 a372.6 YUS s a372.6 YUS s L9-R9 a.--Yogyakarta :bAndi,c2014 2rdacontentaTeks 2rdamediaaTanpa Perantara 2rdacarrieravolume 4aBahasa Inggris0 aeditor,arie prabawatiePengarang aPUPAD260411 0  a22.301/KAPD/PDG/2016